| 000 | 00380nam a2200157Ia 4500 | ||
|---|---|---|---|
| 003 | Ost | ||
| 005 | 20260225132551.0 | ||
| 008 | 260225s9999||||xx |||||||||||||| ||und|| | ||
| 040 | _cfsic | ||
| 041 | _afre | ||
| 082 | _a320.951 | ||
| 100 |
_aMahieddine Djender _eAuteur |
||
| 245 | 0 | _aIntroduction à l'histoire de l'Algérie / | |
| 245 | 0 | _cMahieddine Djender | |
| 942 | _cكتاب | ||
| 999 |
_c34169 _d34169 |
||